000 00751nam a2200277Ia 4500
003 OSt
005 20221005081316.0
006 a|||||r|||| 00| 0
007 ta
008 221004b |||||||| |||| 00| 0 urd d
020 _a8185362319 (hbk)
_c95.00
024 _a8977
037 _cTextual
040 _aCRL
_cCRL
_burd
041 _2urd
_aurd
082 _aS:(Q7:26), 168N2
100 _aNijati Mohammad Usman Au.
_9610965
245 0 _aHadees nabvi aur ilmul nafs
260 _aNew Delhi
_bQazi publishers India
_c1992
300 _a384p.
_ccm.
650 _a ISLAM
650 _a PSYCHOLOGY
650 _aHADITH
942 _hS:(Q7:26), 168N2
_cTEXL
_2cc
999 _c987503
_d987503